000 00471nam a22001811a 4500
001 11353
003 OSt
005 20260204212239.0
008 120817s2004||||ck ||||||b||||||||||spa||
020 _a958960868x
050 _a636.08245 H434i
100 _aHerrera Galindo, Rene
245 _aInseminación en porcinos / Rene Herrera Galindo
264 _aColombia: Grupo Latino
300 _a27 p
650 _aInseminación Artificial - PorcinosÌ
942 _2ddc
_cBK
999 _c11353
_d11353